00569nam a2200193 a 450000100060000000300090000600800410001502000150005604000280007108200140009910000360011324500560014926000430020530000110024849000340025965000330029365000250032665000240035114847CO-ViMGA141112s2004 ck r 000 u spa d a9588159393 aCO-ViMGAbspacCO-ViMGA04a498 R345e1 aReinoso Galindo, Andres Eduardo10aElementos para una gramática de la lengua piapoco aBtá, cMinisterio de Cultura, c2002 a384.p. aPremios nacionales de Cultura14aLENGUAS INDIGENAS - COLOMBIA14aPIAPOCO - FONética14aPIAPOCO - GRAMATICA